AS Roma - Capocannonieri - Statistics

General Stats
  • This quiz has been taken 45 times
  • The average score is 5 of 9
Answer Stats
Season Goals Player % Correct
2006-07 26 Francesco Totti
100%
2016-17 29 Edin Dzeko
92%
1980-81 18 Roberto Pruzzo
63%
1981-82 15 Roberto Pruzzo
63%
1985-86 19 Roberto Pruzzo
63%
1930-31 29 Rodolfo Volk
37%
1956-57 22 Dino da Costa
24%
1962-63 19 Pedro Manfredini
21%
1934-35 28 Enrique Guaita
11%
No matching quizzes found
Score Distribution
Percent of People with Each Score
Percentile by Number Answered
Your Score History
You have not taken this quiz